<?xml version="1.0" encoding="UTF-8"?>
<collection xmlns="http://www.loc.gov/MARC21/slim">
 <record>
  <leader>03456cam a22003611a 4500</leader>
  <controlfield tag="001">000041147</controlfield>
  <controlfield tag="003">17443</controlfield>
  <controlfield tag="005">20240619162946.0</controlfield>
  <controlfield tag="008">170302s2016    vm            000   eng</controlfield>
  <datafield tag="040" ind1=" " ind2=" ">
   <subfield code="a">LNN</subfield>
  </datafield>
  <datafield tag="041" ind1=" " ind2=" ">
   <subfield code="a">eng</subfield>
  </datafield>
  <datafield tag="082" ind1=" " ind2=" ">
   <subfield code="a">407.6591</subfield>
   <subfield code="b">PH-H</subfield>
  </datafield>
  <datafield tag="100" ind1=" " ind2=" ">
   <subfield code="a">Phạm,Thị Hồng Hạnh</subfield>
  </datafield>
  <datafield tag="245" ind1=" " ind2="2">
   <subfield code="a">A critical discourse analysis of online game advertisements in english /</subfield>
   <subfield code="c">Phạm Thị Hồng Hạnh.</subfield>
  </datafield>
  <datafield tag="260" ind1=" " ind2=" ">
   <subfield code="a">ĐHNN,</subfield>
   <subfield code="c">2016.</subfield>
  </datafield>
  <datafield tag="300" ind1=" " ind2=" ">
   <subfield code="a">82tr . : ill ; 30cm.</subfield>
  </datafield>
  <datafield tag="520" ind1=" " ind2=" ">
   <subfield code="a">This study presents an attempt to apply a Critical Discourse Analysis perspective to investigate 50 online game advertisements in English. The data for analysis in this thesis is taken from official websites of companies publishing online game products in the United States. The study is based on the theory of Critical Discourse Analysis introduced by Norman Fairclough, following a framework with three parts: Description, Interpretation and Explanation. It focuses on the analysis of linguistic features (lexical and grammatical features and textual structure), the discourse process and social process. The findings show that the advertisers employ linguistic features and persuasive strategies to represent their power and ideology which implicitly influence and manipulate their customer's perception and behavior. Hopefully, the results of the study will provide some practical applications for teaching and learning English. This study may be useful for those who are interested in investigating advertising discourse, especially through the lens of CDA.</subfield>
  </datafield>
  <datafield tag="653" ind1=" " ind2=" ">
   <subfield code="a">discourse analysis</subfield>
  </datafield>
  <datafield tag="653" ind1=" " ind2=" ">
   <subfield code="a">online game</subfield>
  </datafield>
  <datafield tag="OWN" ind1=" " ind2=" ">
   <subfield code="a">LNN</subfield>
  </datafield>
  <datafield tag="AVA" ind1=" " ind2=" ">
   <subfield code="a">UDN50</subfield>
   <subfield code="b">LNN</subfield>
   <subfield code="c">English</subfield>
   <subfield code="d">407.6591 PH-H</subfield>
   <subfield code="e">available</subfield>
   <subfield code="t">Error 5001 Not defined in file expand_doc_bib_avail.</subfield>
   <subfield code="f">1</subfield>
   <subfield code="g">0</subfield>
   <subfield code="h">N</subfield>
   <subfield code="i">0</subfield>
   <subfield code="j">AN</subfield>
   <subfield code="k">1</subfield>
  </datafield>
  <datafield tag="Z40" ind1="3" ind2=" ">
   <subfield code="y">A CRITICAL DISCOURSE ANALYSIS OF ONLINE GAME ADVERTISEMENTS IN ENGLISH</subfield>
   <subfield code="l">Library of UFL</subfield>
   <subfield code="t">VIEW</subfield>
   <subfield code="x">http://catalog.udn.vn:80/F?func=service&amp;doc_library=UDN01&amp;local_base=UDN01&amp;doc_number=000041147&amp;sequence=000001&amp;line_number=0001&amp;func_code=DB_RECORDS&amp;service_type=MEDIA</subfield>
   <subfield code="f">tomtat_000008022.pdf</subfield>
   <subfield code="e">pdf</subfield>
   <subfield code="s">000787067</subfield>
   <subfield code="k">20200913</subfield>
   <subfield code="m">NTMTHI</subfield>
  </datafield>
  <datafield tag="Z40" ind1="3" ind2=" ">
   <subfield code="y">A CRITICAL DISCOURSE ANALYSIS OF ONLINE GAME ADVERTISEMENTS IN ENGLISH</subfield>
   <subfield code="l">Library of UFL</subfield>
   <subfield code="t">VIEW</subfield>
   <subfield code="x">http://catalog.udn.vn:80/F?func=service&amp;doc_library=UDN01&amp;local_base=UDN01&amp;doc_number=000041147&amp;sequence=000002&amp;line_number=0002&amp;func_code=DB_RECORDS&amp;service_type=MEDIA</subfield>
   <subfield code="f">LUANVAN_000008024.pdf</subfield>
   <subfield code="e">pdf</subfield>
   <subfield code="s">002047769</subfield>
   <subfield code="k">20200913</subfield>
   <subfield code="m">NTMTHI</subfield>
  </datafield>
  <datafield tag="999" ind1=" " ind2=" ">
   <subfield code="a">From the UDN01</subfield>
  </datafield>
  <datafield tag="AVA" ind1=" " ind2=" ">
   <subfield code="a">UDN50</subfield>
   <subfield code="b">LNN</subfield>
   <subfield code="c">English</subfield>
   <subfield code="d">407.6591 PH-H</subfield>
   <subfield code="e">available</subfield>
   <subfield code="t">Error 5001 Not defined in file expand_doc_bib_avail.</subfield>
   <subfield code="f">1</subfield>
   <subfield code="g">0</subfield>
   <subfield code="h">N</subfield>
   <subfield code="i">0</subfield>
   <subfield code="j">AN</subfield>
   <subfield code="k">1</subfield>
  </datafield>
  <datafield tag="TYP" ind1=" " ind2=" ">
   <subfield code="a">Monograph</subfield>
  </datafield>
  <datafield tag="TYP" ind1=" " ind2=" ">
   <subfield code="a">Printed language</subfield>
  </datafield>
  <datafield tag="856" ind1=" " ind2=" ">
   <subfield code="y">A CRITICAL DISCOURSE ANALYSIS OF ONLINE GAME ADVERTISEMENTS IN ENGLISH</subfield>
   <subfield code="l">Library of UFL</subfield>
   <subfield code="t">VIEW</subfield>
   <subfield code="x">http://catalog.udn.vn:80/F?func=service&amp;doc_library=UDN01&amp;local_base=UDN01&amp;doc_number=000041147&amp;sequence=000001&amp;line_number=0001&amp;func_code=DB_RECORDS&amp;service_type=MEDIA</subfield>
   <subfield code="f">tomtat_000008022.pdf</subfield>
   <subfield code="e">pdf</subfield>
   <subfield code="s">000787067</subfield>
   <subfield code="k">20200913</subfield>
   <subfield code="m">NTMTHI</subfield>
  </datafield>
  <datafield tag="856" ind1=" " ind2=" ">
   <subfield code="y">A CRITICAL DISCOURSE ANALYSIS OF ONLINE GAME ADVERTISEMENTS IN ENGLISH</subfield>
   <subfield code="l">Library of UFL</subfield>
   <subfield code="t">VIEW</subfield>
   <subfield code="x">http://catalog.udn.vn:80/F?func=service&amp;doc_library=UDN01&amp;local_base=UDN01&amp;doc_number=000041147&amp;sequence=000002&amp;line_number=0002&amp;func_code=DB_RECORDS&amp;service_type=MEDIA</subfield>
   <subfield code="f">LUANVAN_000008024.pdf</subfield>
   <subfield code="e">pdf</subfield>
   <subfield code="s">002047769</subfield>
   <subfield code="k">20200913</subfield>
   <subfield code="m">NTMTHI</subfield>
  </datafield>
  <datafield tag="980" ind1=" " ind2=" ">
   <subfield code="a">Mạng thư viện Đại học Đà Nẵng</subfield>
  </datafield>
 </record>
</collection>
